[Event "57th World Juniors 2018"]
[Site "Manavgat TUR"]
[Date "2018.09.11"]
[Round "7.45"]
[White "Thilakarathne, G M H"]
[Black "Miciano, John Marvin"]
[Result "0-1"]
[WhiteTitle "FM"]
[BlackTitle "IM"]
[WhiteElo "2238"]
[BlackElo "2374"]
[WhiteFideId "9912053"]
[BlackFideId "5211948"]
[EventDate "2018.09.05"]

1. e4 d6 2. d4 Nf6 3. Nc3 g6 4. Bg5 Bg7 5. Qd2 c6 6. O-O-O O-O 7. f4 b5 8. Bd3
Qa5 9. Kb1 b4 10. Nce2 c5 11. Bxf6 exf6 12. f5 Bb7 13. h4 gxf5 14. exf5 Bd5 15.
b3 Nd7 16. Rh3 Kh8 17. g4 Nb6 18. Nf4 c4 19. Be2 Rac8 20. Bf3 Bh6 21. g5 cxb3
22. axb3 Nc4 23. bxc4 Bxc4 24. Qg2 Ba2+ 25. Kc1 Qa3+ 26. Kd2 Rxc2+ 27. Ke1 Rxg2
28. Bxg2 b3 29. gxh6 Qa5+ 30. Kf2 Qxf5 31. Ne2 b2 32. Ra3 b1=Q 33. Rxb1 Bxb1 34.
Bh3 Qb5 35. Rxa7 Be4 36. Re7 f5 37. Nh5 Qd3 38. Bg2 Bxg2 39. Kxg2 Qd2 40. Nf4
Qe1 41. Rd7 Qxh4 42. Rxd6 Qe7 43. Rd5 Qe3 44. Re5 Rg8+ 45. Kf1 Qf3+ 46. Ke1 Ra8
47. Kd2 f6 48. Re6 Kg8 49. d5 Kf7 50. Rc6 Ra2+ 51. Ke1 Ra4 52. Rc7+ Ke8 53. Rc8+
Kd7 54. Rh8 Rxf4 55. Rxh7+ Ke8 56. Nxf4 Qxf4 57. Rh8+ Kf7 58. h7 Kg7 59. Rd8
Kxh7 60. d6 Qe3+ 61. Kf1 Qb6 62. Rd7+ Kg6 63. Ke1 f4 0-1

[Event "57th World Juniors 2018"]
[Site "Manavgat TUR"]
[Date "2018.09.11"]
[Round "7.46"]
[White "Can, Isik"]
[Black "Cadilhac, Igor Tokuichi Kikuchi"]
[Result "1-0"]
[WhiteTitle "FM"]
[BlackTitle "FM"]
[WhiteElo "2361"]
[BlackElo "2286"]
[WhiteFideId "6383742"]
[BlackFideId "2132150"]
[EventDate "2018.09.05"]

1. e4 c5 2. Nf3 g6 3. d4 cxd4 4. Nxd4 Nc6 5. Nc3 Bg7 6. Be3 Nf6 7. Bc4 O-O 8.
Bb3 Re8 9. f3 d5 10. exd5 Nb4 11. Nde2 e6 12. Bd4 exd5 13. Qd2 Nc6 14. O-O-O
Nxd4 15. Nxd4 Be6 16. g4 h5 17. Nxe6 fxe6 18. Qd3 Kh7 19. Rhg1 hxg4 20. fxg4 Nd7
21. Qh3+ Kg8 22. Nxd5 Nc5 23. Nc3 Nxb3+ 24. axb3 Qa5 25. Kb1 Rac8 26. Qd3 Qg5
27. h4 Qxh4 28. Qxg6 Qf6 29. Qxf6 Bxf6 30. Ne4 Be5 31. Rd7 Red8 32. Rxb7 Rd4 33.
Re1 Rcd8 34. Rxa7 Rd1+ 35. Rxd1 Rxd1+ 36. Ka2 Rc1 37. c3 Re1 38. Nc5 Bd6 39. b4
e5 40. Rd7 Bf8 41. Ne6 e4 42. Rd8 Kf7 43. Nxf8 e3 44. Rd4 Kxf8 45. Re4 e2 46. b5 1-0

[Event "57th World Juniors 2018"]
[Site "Manavgat TUR"]
[Date "2018.09.11"]
[Round "7.48"]
[White "Vanczak, Tamas"]
[Black "Krishna Teja, N"]
[Result "0-1"]
[WhiteTitle "FM"]
[BlackTitle "IM"]
[WhiteElo "2276"]
[BlackElo "2356"]
[WhiteFideId "759929"]
[BlackFideId "5001498"]
[EventDate "2018.09.05"]

1. e4 c6 2. d4 d5 3. Nc3 dxe4 4. Nxe4 Bf5 5. Ng3 Bg6 6. h4 h6 7. Nf3 e6 8. Ne5
Bh7 9. Bd3 Bxd3 10. Qxd3 Nf6 11. Bd2 Be7 12. O-O-O Nbd7 13. f4 Qc7 14. Kb1 Rf8
15. Rhe1 O-O-O 16. Qf3 c5 17. Qa3 Kb8 18. Ba5 b6 19. Qf3 Nxe5 20. fxe5 Ng8 21.
Bc3 cxd4 22. Bxd4 Bxh4 23. Bc3 Ne7 24. Bb4 Bxg3 25. Qxg3 Nf5 26. Qf3 Rxd1+ 27.
Rxd1 Rc8 28. c3 Qb7 29. Qe2 Ng3 30. Qg4 Nf5 31. Qe2 h5 32. a4 h4 33. Rd3 a5 34.
Ba3 Qc6 35. Qd2 Qe4 36. Bd6+ Kb7 37. b3 g5 38. Kb2 g4 39. c4 g3 40. c5 h3 41.
cxb6 Qxg2 0-1

[Event "57th World Juniors 2018"]
[Site "Manavgat TUR"]
[Date "2018.09.11"]
[Round "7.49"]
[White "Tuncer, Tuna"]
[Black "Nogerbek, Kazybek"]
[Result "0-1"]
[WhiteTitle "FM"]
[BlackTitle "FM"]
[WhiteElo "2342"]
[BlackElo "2261"]
[WhiteFideId "6349269"]
[BlackFideId "13710427"]
[EventDate "2018.09.05"]

1. Nf3 Nf6 2. g3 b5 3. Bg2 Bb7 4. a4 b4 5. O-O e6 6. b3 c5 7. Bb2 Be7 8. d3 O-O
9. e4 d5 10. Ne5 Nfd7 11. Nxd7 Nxd7 12. f4 dxe4 13. dxe4 c4 14. bxc4 Nb6 15. Nd2
Bc5+ 16. Kh1 Bd4 17. Bxd4 Qxd4 18. Rf3 Nxc4 19. Rd3 Qc5 20. Nb3 Qf2 21. Rf3 Qb6
22. a5 Qc7 23. Qe1 Rac8 24. a6 Ba8 25. c3 Nd6 26. cxb4 Bxe4 27. Rf2 Bxg2+ 28.
Rxg2 Nf5 29. Nc5 Rfd8 30. Rc1 Qc6 31. Qe2 Qd5 32. Qa2 Qa8 33. Qf2 h5 34. Rb1 Qc6
35. h3 h4 36. gxh4 Rd4 37. Kh2 Qd6 38. Nb7 Qxa6 39. Nc5 Qd6 40. Nb7 Qb8 41. Rbg1
Rxf4 42. Rxg7+ Nxg7 43. Qg3 Rf2+ 0-1

[Event "57th World Juniors 2018"]
[Site "Manavgat TUR"]
[Date "2018.09.11"]
[Round "7.50"]
[White "Martinez Alcantara, Jose Eduardo"]
[Black "Kilic, Efe Mert"]
[Result "1-0"]
[WhiteTitle "GM"]
[BlackTitle "FM"]
[WhiteElo "2565"]
[BlackElo "2269"]
[WhiteFideId "3805662"]
[BlackFideId "6354327"]
[EventDate "2018.09.05"]

1. e4 d6 2. d4 Nf6 3. Nc3 e5 4. Nf3 exd4 5. Nxd4 Be7 6. g3 Bg4 7. f3 Bd7 8. Bg2
O-O 9. O-O Re8 10. b3 Nc6 11. Nde2 Bf8 12. Bb2 Ne5 13. Qd2 c6 14. Kh1 Qb6 15. a3
Rad8 16. h3 Ng6 17. f4 Qc7 18. Rae1 Bc8 19. Qd3 b5 20. Nd1 d5 21. Bxf6 gxf6 22.
exd5 cxd5 23. Nd4 a6 24. Ne3 Bb7 25. b4 Qb6 26. c3 Ne7 27. Re2 Nc8 28. Rfe1 f5
29. Nexf5 Rxe2 30. Qxe2 Qf6 31. Kh2 Nb6 32. Ne3 Rc8 33. Ng4 Qh8 34. Qd3 h5 35.
Ne5 Qh7 36. Qxh7+ Kxh7 37. Nxf7 Rxc3 38. Ng5+ Kg8 39. Re6 Nd7 40. Rg6+ Kh8 41.
Nde6 Rc2 42. Nf7+ Kh7 43. f5 Bh6 44. Rxh6+ Kg8 45. Nd6 Ne5 46. Nd4 Nf3+ 47. Nxf3 1-0

[Event "57th World Juniors 2018"]
[Site "Manavgat TUR"]
[Date "2018.09.11"]
[Round "7.51"]
[White "Sibashvili, Giorgi"]
[Black "Kara, Yanki"]
[Result "1-0"]
[WhiteTitle "IM"]
[WhiteElo "2425"]
[BlackElo "2262"]
[WhiteFideId "13602799"]
[BlackFideId "6370306"]
[EventDate "2018.09.05"]

1. d4 g6 2. c4 Bg7 3. e4 d6 4. Nc3 Nf6 5. Nf3 O-O 6. Be2 e5 7. O-O exd4 8. Nxd4
Re8 9. f3 Nc6 10. Be3 Nh5 11. Qd2 Nf4 12. Rfd1 Nxd4 13. Bxd4 Bxd4+ 14. Qxd4
Nxe2+ 15. Nxe2 b6 16. Nc3 Bb7 17. Rac1 Qg5 18. Nd5 Bxd5 19. cxd5 Re7 20. Qd2 Qe5
21. Rc4 f5 22. Rdc1 fxe4 23. Rxe4 Qf6 24. Qc3 Qxc3 25. Rxc3 Rae8 26. Rxe7 Rxe7
27. Kf2 Re5 28. Rd3 g5 29. b3 a6 30. g3 Kf7 31. f4 gxf4 32. gxf4 Re7 33. Re3 Rd7
34. Kf3 Kf6 35. Re6+ Kf5 36. Re8 a5 37. Rf8+ Kg6 38. f5+ Kg7 39. Re8 Kf7 40. Re6
Rd8 41. Kf4 Rg8 42. Rh6 Kg7 43. Rh3 Rc8 44. Rc3 Kf6 45. a4 Kf7 46. Rh3 Kg7 47.
Kg5 Re8 48. f6+ Kg8 49. f7+ Kxf7 50. Rxh7+ Kg8 51. Rxc7 Re5+ 52. Kg6 Kf8 53. h4
Rxd5 54. h5 Rd3 55. Rc8+ Ke7 56. h6 Rxb3 57. h7 Rh3 58. h8=Q Rxh8 59. Rxh8 Kd7
60. Rh5 Kc6 61. Rb5 1-0

[Event "57th World Juniors 2018"]
[Site "Manavgat TUR"]
[Date "2018.09.11"]
[Round "7.52"]
[White "Jogstad, Martin"]
[Black "Zarubitski, Viachaslau"]
[Result "0-1"]
[WhiteTitle "FM"]
[BlackTitle "IM"]
[WhiteElo "2305"]
[BlackElo "2425"]
[WhiteFideId "1715364"]
[BlackFideId "13509373"]
[EventDate "2018.09.05"]

1. d4 d5 2. c4 c6 3. Nf3 Nf6 4. Nc3 dxc4 5. a4 Bf5 6. Ne5 Nbd7 7. Nxc4 Qc7 8. g3
e5 9. dxe5 Nxe5 10. Bf4 Nfd7 11. Bg2 g5 12. Ne3 gxf4 13. Nxf5 O-O-O 14. Qc2 Nc5
15. O-O fxg3 16. hxg3 a5 17. Rfd1 h5 18. e3 Kb8 19. Rd4 Ne6 20. Rxd8+ Qxd8 21.
Rd1 Qc7 22. Ne4 Bb4 23. b3 Ng6 24. Qb2 Rd8 25. Qa1 Ka7 26. Bf3 Rxd1+ 27. Qxd1
Qe5 28. Nfd6 f5 29. Nc4 Qd5 30. Ned6 Qxd1+ 31. Bxd1 Ng7 32. Bc2 Ne7 33. Kg2 Ka6
34. Nf7 b5 35. Nce5 Kb6 36. Nd3 Bc3 37. Nfe5 Kc7 38. Nf3 Kd6 39. Ng1 Bf6 40. Ne2
Nd5 41. Kh3 bxa4 42. bxa4 c5 43. Ndf4 Nb6 44. f3 Nc4 45. e4 Ne3 46. Bb1 fxe4 47.
Bxe4 c4 48. Bg6 c3 49. Nxh5 Nxh5 50. Bxh5 c2 51. Bg6 Bb2 52. g4 c1=Q 53. Nxc1
Bxc1 54. Kg3 Nd5 55. Be4 Bf4+ 56. Kh4 Nf6 57. Bb1 Nd7 58. Be4 Ne5 59. Kh5 Ke7
60. Kh4 Kf6 61. Bb7 Kg6 62. Be4+ Kf6 63. Bb7 Ng6+ 64. Kh3 Kg5 65. Kg2 Ne5 66.
Kf2 Bc1 67. Kg3 Bd2 68. Be4 Be1+ 69. Kg2 Kf4 70. Bb7 Bh4 71. Kh3 Bg3 72. Kg2 Ng6
73. Kf1 Ke3 74. Kg2 Be1 75. Kf1 Bg3 76. Kg2 Bf4 77. Kh3 Kf2 78. Ba8 Bg5 0-1

[Event "57th World Juniors 2018"]
[Site "Manavgat TUR"]
[Date "2018.09.11"]
[Round "7.54"]
[White "Huber, Martin Christian"]
[Black "Nalbant, Tuna Onat"]
[Result "1-0"]
[WhiteTitle "IM"]
[BlackTitle "FM"]
[WhiteElo "2390"]
[BlackElo "2241"]
[WhiteFideId "1623435"]
[BlackFideId "6372821"]
[EventDate "2018.09.05"]

1. Nf3 d5 2. d4 Nf6 3. c4 e6 4. g3 Be7 5. Bg2 O-O 6. O-O c6 7. Qc2 Nbd7 8. Rd1
b6 9. b3 Bb7 10. Nc3 Rc8 11. e4 dxe4 12. Nxe4 Nxe4 13. Qxe4 Re8 14. Bf4 Nf6 15.
Qc2 Bd6 16. Bxd6 Qxd6 17. c5 Qc7 18. Ne5 Nd7 19. Nc4 Rb8 20. Nd6 Red8 21. b4 Nf6
22. Rac1 Bc8 23. Qa4 b5 24. Qb3 Nd5 25. f4 a5 26. a3 g6 27. Re1 Ne7 28. Rcd1
axb4 29. axb4 Nd5 30. Bxd5 exd5 31. Ne8 Qb7 32. Qe3 Bf5 33. Nf6+ Kf8 34. Qe5 Be6
35. Nxh7+ Kg8 36. Nf6+ Kf8 37. g4 Qc8 38. Qg5 Kg7 39. f5 Bxf5 40. gxf5 Qxf5 41.
Nh5+ Kh7 42. Qxf5 gxf5 43. Rf1 Ra8 44. Rxf5 Ra4 45. Ng3 Rxb4 46. Rxf7+ Kg8 47.
Rc7 Ra8 48. Rxc6 Rb2 49. Rd6 Raa2 50. Nf1 b4 51. Rxd5 b3 52. c6 Rc2 53. Rc5 Rxc5
54. dxc5 Rc2 55. c7 1-0

[Event "57th World Juniors 2018"]
[Site "Manavgat TUR"]
[Date "2018.09.11"]
[Round "7.55"]
[White "Tifferet, Shaked"]
[Black "Arcuti, Davide"]
[Result "0-1"]
[WhiteTitle "FM"]
[BlackTitle "FM"]
[WhiteElo "2299"]
[BlackElo "2356"]
[WhiteFideId "2811529"]
[BlackFideId "1323725"]
[EventDate "2018.09.05"]

1. d4 Nf6 2. c4 e6 3. g3 d5 4. Bg2 Bb4+ 5. Nd2 O-O 6. Nf3 b6 7. O-O Bb7 8. Ne5
Re8 9. a3 Bf8 10. b4 Nbd7 11. Bb2 c5 12. bxc5 bxc5 13. Nxd7 Nxd7 14. Rb1 Nb6 15.
Re1 Rc8 16. dxc5 Bxc5 17. e3 Bf8 18. h4 Ba8 19. cxd5 Bxd5 20. e4 Ba8 21. Rc1
Rxc1 22. Bxc1 Qd4 23. Qg4 Nd7 24. Nf3 Qc3 25. Bd2 Qxa3 26. e5 Qd3 27. Bg5 Rb8
28. h5 Rb4 29. Bf4 h6 30. Nh4 Bxg2 31. Nxg2 Rb1 32. Kh2 Rxe1 33. Nxe1 Qf1 34.
Ng2 Qxf2 35. Be3 Nxe5 36. Qe4 Qf6 37. Nf4 Ng4+ 38. Kh3 Nxe3 39. Qxe3 a5 40. Qb3
Qf5+ 41. Kg2 Bd6 0-1

[Event "57th World Juniors 2018"]
[Site "Manavgat TUR"]
[Date "2018.09.11"]
[Round "7.56"]
[White "Noboa, Kevin"]
[Black "Murzin, Volodar"]
[Result "0-1"]
[WhiteTitle "FM"]
[BlackTitle "FM"]
[WhiteElo "2256"]
[BlackElo "2349"]
[WhiteFideId "3618471"]
[BlackFideId "44155573"]
[EventDate "2018.09.05"]

1. d4 Nf6 2. c4 g6 3. Nc3 Bg7 4. Nf3 O-O 5. Bg5 d6 6. e3 h6 7. Bh4 g5 8. Bg3 Nh5
9. Bd3 f5 10. Nd2 Nxg3 11. hxg3 c5 12. d5 e6 13. Qc2 exd5 14. Nxd5 Nc6 15. O-O
Be6 16. a3 Ne5 17. Rad1 Bxd5 18. cxd5 Qd7 19. Be2 Rae8 20. b4 cxb4 21. axb4 f4
22. Bh5 Rc8 23. Qe4 fxg3 24. f4 gxf4 25. exf4 Ng4 26. Qe6+ Qxe6 27. dxe6 Bd4+
28. Kh1 Nf2+ 29. Rxf2 Bxf2 30. Bf7+ Rxf7 31. exf7+ Kxf7 32. Ne4 Kf8 33. Nxf2
gxf2 34. g3 Re8 35. Rf1 Re4 36. Rxf2 Rxb4 37. Rc2 a5 38. Kg2 a4 39. Kh3 Kf7 40.
Kg4 a3 41. Ra2 Ra4 42. Kh5 b5 43. Kxh6 b4 44. g4 b3 45. Rd2 b2 0-1

[Event "57th World Juniors 2018"]
[Site "Manavgat TUR"]
[Date "2018.09.11"]
[Round "7.57"]
[White "Galperin, Platon"]
[Black "Tarlabasi, Emirhan"]
[Result "1-0"]
[WhiteElo "2348"]
[BlackElo "2193"]
[WhiteFideId "14165414"]
[BlackFideId "6350275"]
[EventDate "2018.09.05"]

1. c4 e6 2. g3 d5 3. Bg2 Nf6 4. d4 Be7 5. Nf3 O-O 6. O-O dxc4 7. Qc2 a6 8. a4
Bd7 9. Qxc4 Bc6 10. Bg5 Bd5 11. Qc2 Be4 12. Qc1 Nc6 13. Nbd2 Bg6 14. Rd1 Nd5 15.
Bxe7 Qxe7 16. a5 Rfd8 17. Nb3 Ncb4 18. Rd2 Nf6 19. Qc4 Ne4 20. Rdd1 b5 21. Qc1
Nf6 22. Nc5 Nc2 23. Ra2 Nb4 24. Ra3 Nc2 25. Rb3 Ne4 26. Nxe4 Bxe4 27. Rc3 Bxf3
28. Rxc2 Bxg2 29. Rxc7 Qb4 30. Kxg2 Qxa5 31. Qf4 Rf8 32. Rdc1 Rad8 33. Ra7 Qb6
34. Rcc7 Qxd4 35. Rxf7 Qxa7 36. Rxa7 Rxf4 37. gxf4 Rd2 38. Kf3 Rxb2 39. Rxa6 Kf7
40. Ra7+ Kf6 41. h4 h5 42. Rc7 Rb3+ 43. e3 Rd3 44. Kg2 b4 45. Rb7 b3 46. Rb5 Kg6
47. Rg5+ Kf6 48. Rb5 Kg6 49. Kf3 Kf6 50. Ke2 Rc3 51. Rxh5 Rc8 52. Rb5 Rh8 53.
Rxb3 Rxh4 54. Rb5 Rh1 55. Kf3 Ra1 56. e4 g6 57. Rb8 Ra7 58. Kg4 Re7 59. Rb6 Kf7
60. Kg5 Kg7 61. Rb8 Ra7 62. Re8 Kf7 63. Rh8 Ra2 64. Rh7+ Kg8 65. Kxg6 Rxf2 66.
Re7 Rg2+ 67. Kf6 Rf2 68. Ke5 Kf8 69. Rxe6 Kf7 70. Rf6+ Ke7 71. Ra6 Rb2 72. Ra7+
Kf8 73. Kf5 Rb4 74. e5 Ke8 75. e6 Rc4 76. Kg5 Re4 77. f5 1-0

[Event "57th World Juniors 2018"]
[Site "Manavgat TUR"]
[Date "2018.09.11"]
[Round "7.58"]
[White "Cirovic, Miroljub"]
[Black "Pigeat, Alexandre"]
[Result "0-1"]
[BlackTitle "FM"]
[WhiteElo "2181"]
[BlackElo "2347"]
[WhiteFideId "16502868"]
[BlackFideId "20649444"]
[EventDate "2018.09.05"]

1. d4 d5 2. c4 c6 3. cxd5 cxd5 4. Bf4 Nc6 5. Nc3 Nf6 6. e3 a6 7. Bd3 Bg4 8. Nge2
e6 9. O-O Bd6 10. f3 Bh5 11. Na4 O-O 12. Rc1 Qe7 13. Bxd6 Qxd6 14. Nc5 Rab8 15.
Qa4 Ne7 16. b4 Bg6 17. Qb3 e5 18. dxe5 Qxe5 19. Bxg6 Nxg6 20. Qc3 Qg5 21. Ng3
Rfe8 22. Ne2 Rf8 23. Ng3 Rfe8 24. f4 Qg4 25. Qd4 h5 26. f5 Ne5 27. Rf4 Qg5 28.
Rcf1 Nc6 29. Qd2 h4 30. Ne2 Nh5 31. R4f3 Ne5 32. Qxd5 Nxf3+ 33. Rxf3 Rbd8 34.
Qb3 Rd2 35. Rf2 Rxe3 36. Qc4 Qe7 37. f6 Nxf6 38. Nf4 Rd1+ 39. Rf1 Rxf1+ 0-1

[Event "57th World Juniors 2018"]
[Site "Manavgat TUR"]
[Date "2018.09.11"]
[Round "7.59"]
[White "Ongut, Tamas Gunes"]
[Black "Tasdogen, Dincer"]
[Result "0-1"]
[WhiteTitle "FM"]
[BlackTitle "FM"]
[WhiteElo "2121"]
[BlackElo "2329"]
[WhiteFideId "770280"]
[BlackFideId "6367097"]
[EventDate "2018.09.05"]

1. e4 g6 2. d4 Bg7 3. Nc3 d5 4. exd5 Nf6 5. Bc4 Nbd7 6. Nge2 Nb6 7. Bb3 Nbxd5 8.
Nxd5 Nxd5 9. O-O O-O 10. c3 b6 11. Nf4 Bb7 12. Re1 e6 13. Nd3 Qd6 14. Ne5 Rad8
15. Qe2 c5 16. dxc5 Qxc5 17. Bxd5 Qxd5 18. f3 Qc5+ 19. Qf2 Qxf2+ 20. Kxf2 Rd5
21. Nc4 Rfd8 22. Bf4 g5 23. Be3 Ba6 24. Na3 h5 25. Kg1 g4 26. Nc2 Bb7 27. fxg4
hxg4 28. Nd4 Kh7 29. Rf1 Kg6 30. Ne2 e5 31. Rfe1 f5 32. g3 Bf8 33. Nc1 Bc5 34.
Nb3 Bxe3+ 35. Rxe3 a5 36. a4 Bc6 37. Kf2 Kf6 38. c4 Rd1 39. Rxd1 Rxd1 40. c5
bxc5 41. Nxa5 Bxa4 42. Nc4 Bb5 43. b3 Bxc4 44. bxc4 Rc1 0-1

[Event "57th World Juniors 2018"]
[Site "Manavgat TUR"]
[Date "2018.09.11"]
[Round "7.60"]
[White "Shailesh, Dravid"]
[Black "Kwon, Sehyun"]
[Result "1-0"]
[WhiteTitle "FM"]
[BlackTitle "CM"]
[WhiteElo "2325"]
[BlackElo "2129"]
[WhiteFideId "25017969"]
[BlackFideId "13203088"]
[EventDate "2018.09.05"]

1. e4 c5 2. Nf3 g6 3. h4 Bg7 4. h5 Nc6 5. Bc4 e6 6. Nc3 Nge7 7. h6 Bf6 8. Qe2 d6
9. d3 O-O 10. Bf4 Bh8 11. O-O a6 12. a4 Qc7 13. Rae1 Bd7 14. Bg5 Rfe8 15. Nh2
Nd4 16. Qd2 b5 17. Ba2 Kf8 18. Ng4 Ng8 19. Ne2 e5 20. Ne3 Ne6 21. Nd5 Qc6 22.
Bh4 c4 23. dxc4 bxc4 24. Ne3 Bf6 25. Bg3 Nxh6 26. Nxc4 Kg7 27. f4 Ng4 28. Nxd6
Qc5+ 29. Kh1 Rf8 30. f5 Bg5 31. Qd3 Nd4 32. Bxe5+ Qxe5 33. Qxd4 Bxa4 34. fxg6
Qxd4 35. Nxd4 hxg6 36. Nxf7 Rh8+ 37. Nxh8 Rxh8+ 38. Kg1 Bh4 39. Ne6+ Kh6 40. Rf3
g5 41. g3 1-0

[Event "57th World Juniors 2018"]
[Site "Manavgat TUR"]
[Date "2018.09.11"]
[Round "7.61"]
[White "Gunduz, Umut Erdem"]
[Black "Dobrovoljc, Vid"]
[Result "1-0"]
[BlackTitle "FM"]
[WhiteElo "2119"]
[BlackElo "2316"]
[WhiteFideId "6381383"]
[BlackFideId "14609843"]
[EventDate "2018.09.05"]

1. e4 e5 2. Nf3 Nc6 3. Bb5 a6 4. Ba4 Nf6 5. O-O b5 6. Bb3 Bb7 7. Re1 Bc5 8. c3
d6 9. d3 h6 10. Nbd2 O-O 11. Nf1 Re8 12. Ng3 Qd7 13. Nh4 Qg4 14. Nf3 Rad8 15.
Nf5 Bc8 16. h3 Qh5 17. Ng3 Qg6 18. d4 exd4 19. cxd4 Bb4 20. Re2 Nxe4 21. Bd5
Nxg3 22. Rxe8+ Rxe8 23. Bxc6 Ne2+ 24. Kf1 Re7 25. Be3 Ng3+ 26. Kg1 Nf5 27. Bd2
Bxd2 28. Qxd2 Qe6 29. d5 Qe2 30. Qc3 Re4 31. Re1 Qc4 32. Qd2 Ne7 33. b3 Rxe1+
34. Qxe1 Qc5 35. Qxe7 Bf5 36. Qe3 Qa3 37. Nd4 Bb1 38. Qe8+ Kh7 39. Qxf7 Bg6 40.
Qf4 Qxa2 41. Ne6 Qb1+ 42. Kh2 Qxb3 43. Qd4 1-0

[Event "57th World Juniors 2018"]
[Site "Manavgat TUR"]
[Date "2018.09.11"]
[Round "7.62"]
[White "Nastase, Robert-Paul"]
[Black "Aydincelebi, Kagan"]
[Result "1-0"]
[WhiteTitle "FM"]
[BlackTitle "FM"]
[WhiteElo "2313"]
[BlackElo "2060"]
[WhiteFideId "1221175"]
[BlackFideId "6361102"]
[EventDate "2018.09.05"]

1. e4 c5 2. Nf3 g6 3. d4 cxd4 4. Nxd4 Bg7 5. Nc3 Nc6 6. Be3 Nf6 7. Nxc6 bxc6 8.
e5 Ng8 9. Bd4 Nh6 10. e6 O-O 11. Bxg7 Kxg7 12. Qd4+ f6 13. exd7 Qxd7 14. O-O-O
Qxd4 15. Rxd4 Ng4 16. Be2 Ne5 17. Na4 h5 18. h3 Rh8 19. Rhd1 g5 20. Rd8 Be6 21.
Rxa8 Rxa8 22. Bxh5 Rh8 23. Be2 g4 24. hxg4 Rh2 25. Rg1 Bxg4 26. Kd2 Bf5 27. b3
Ng6 28. c4 Be4 29. f3 Bf5 30. Ke3 e5 31. Nc5 Nf4 32. Bf1 Kf7 33. g3 Nh3 34. Bxh3
Bxh3 35. a4 Rc2 36. Ne4 Rb2 37. g4 Rxb3+ 38. Kf2 Ke7 39. Kg3 f5 40. Nc5 Rc3 41.
Kxh3 Rxf3+ 42. Rg3 Rf4 43. g5 Rd4 44. g6 Rd8 45. g7 Rg8 46. Rg6 Kf7 47. Rxc6
Kxg7 48. Re6 e4 49. Kg3 Rc8 50. Re5 e3 51. Kf3 f4 52. Ne6+ Kf6 53. Re4 Re8 54.
Nxf4 1-0

[Event "57th World Juniors 2018"]
[Site "Manavgat TUR"]
[Date "2018.09.11"]
[Round "7.64"]
[White "Akdogan, Alperen"]
[Black "Ozsakallioglu, Okan"]
[Result "0-1"]
[WhiteTitle "FM"]
[WhiteElo "2278"]
[BlackElo "1955"]
[WhiteFideId "6347363"]
[BlackFideId "6367011"]
[EventDate "2018.09.05"]

1. d4 Nf6 2. Nf3 e6 3. c4 b6 4. g3 Bb7 5. Bg2 Be7 6. O-O O-O 7. Re1 Ne4 8. Nfd2
d5 9. Nxe4 dxe4 10. Nc3 f5 11. Be3 c5 12. dxc5 bxc5 13. Qb3 Qc8 14. Rad1 Nc6 15.
Nb5 e5 16. Qa3 a6 17. Nd6 Bxd6 18. Rxd6 Nd4 19. Qa5 f4 20. Bxd4 exd4 21. b4 fxg3
22. fxg3 Qf5 23. Rf1 Qg5 24. Qxc5 Qe3+ 25. Kh1 Rxf1+ 26. Bxf1 Rf8 27. Qh5 Qc1
28. Qh3 Rxf1+ 0-1

[Event "57th World Juniors 2018"]
[Site "Manavgat TUR"]
[Date "2018.09.11"]
[Round "7.65"]
[White "Gulbeyaz, Emir"]
[Black "Ismayilov, Muhammad"]
[Result "1/2-1/2"]
[WhiteElo "2285"]
[BlackElo "2137"]
[WhiteFideId "6377076"]
[BlackFideId "13410024"]
[EventDate "2018.09.05"]

1. g3 d5 2. Bg2 Nf6 3. Nf3 g6 4. O-O Bg7 5. d4 O-O 6. c4 c6 7. b3 Ne4 8. Bb2 f5
9. Nbd2 Be6 10. Rc1 Nd7 11. e3 h6 12. Nxe4 fxe4 13. Nd2 Nf6 14. f3 exf3 15. Bxf3
Qd7 16. cxd5 cxd5 17. Qc2 Rac8 18. Qd3 Bf5 19. Qe2 Bh3 20. Rxc8 Rxc8 21. Rc1
Rxc1+ 22. Bxc1 Bg4 23. Ba3 Bxf3 24. Nxf3 Ne4 25. Nh4 Kf7 26. Ng2 Qc6 27. Nf4 e5
28. dxe5 Bxe5 29. Qd3 Bxf4 30. gxf4 Ke6 31. Qd4 Qc3 32. Qxc3 Nxc3 33. Bb4 Nxa2
34. Bd2 d4 35. exd4 Kd5 36. f5 gxf5 37. Bxh6 Kxd4 38. h4 Ke5 39. Bd2 a5 40. h5
Kf6 41. Kf2 1/2-1/2

[Event "57th World Juniors 2018"]
[Site "Manavgat TUR"]
[Date "2018.09.11"]
[Round "7.66"]
[White "De Block, Yordi"]
[Black "Zhao, Chenxi"]
[Result "0-1"]
[WhiteElo "2118"]
[BlackElo "2275"]
[WhiteFideId "214175"]
[BlackFideId "8611513"]
[EventDate "2018.09.05"]

1. d4 Nf6 2. Nf3 b6 3. c4 Bb7 4. Nc3 e6 5. e3 Bb4 6. Bd3 O-O 7. Bd2 d6 8. Qc2
Nbd7 9. a3 Bxc3 10. Bxc3 Qe7 11. e4 e5 12. d5 Nc5 13. b4 Nxd3+ 14. Qxd3 Nh5 15.
g3 Bc8 16. Nh4 Bh3 17. Bd2 Qf6 18. Qe2 Nf4 19. Qf3 h5 20. Qc3 Ng2+ 21. Nxg2 Bxg2
22. Rg1 Bxe4 23. g4 hxg4 24. Rxg4 Bg6 25. h4 Rfc8 26. Rg5 c6 27. h5 Bh7 28. dxc6
Rxc6 29. Ke2 Kh8 30. Rag1 Rg8 31. h6 g6 32. f4 Qe6 33. fxe5 Rxc4 34. Qe3 f6 35.
R5g2 dxe5 36. Rf2 g5 37. Kf1 Rf4 38. Rxf4 gxf4 39. Qc3 Rxg1+ 40. Kxg1 Qg4+ 41.
Kf1 Be4 42. Qc7 Bd3+ 43. Kf2 Qg3# 0-1

[Event "57th World Juniors 2018"]
[Site "Manavgat TUR"]
[Date "2018.09.11"]
[Round "7.67"]
[White "Ozturk, Efe Hakan"]
[Black "Wong, Yinn Long"]
[Result "0-1"]
[WhiteTitle "CM"]
[BlackTitle "FM"]
[WhiteElo "2065"]
[BlackElo "2261"]
[WhiteFideId "34550216"]
[BlackFideId "5707684"]
[EventDate "2018.09.05"]

1. Nf3 c5 2. g3 g6 3. Bg2 Bg7 4. d4 cxd4 5. Nxd4 Nc6 6. Nxc6 bxc6 7. O-O Rb8 8.
Nd2 c5 9. c3 Nf6 10. e4 O-O 11. Qa4 Qc7 12. Nc4 d6 13. Re1 Nd7 14. Ne3 e6 15. f4
f5 16. exf5 gxf5 17. g4 fxg4 18. Nxg4 Nf6 19. Nf2 Kh8 20. Nh3 Bb7 21. Re2 Bxg2
22. Rxg2 Rbe8 23. Bd2 d5 24. Kh1 Ne4 25. Be3 Bf6 26. Rag1 Rd8 27. Ng5 Bxg5 28.
fxg5 Rf3 29. Qd1 Rxe3 30. Qh5 Qg7 31. g6 Nf6 32. Qh4 Re4 33. Qf2 h6 34. Qxc5 Kg8
35. b4 Rc4 36. Qe3 Re4 37. Qh3 Rf8 38. Rf2 h5 39. Rgf1 Qxg6 40. Rf4 Rxf4 41.
Qxe6+ Kh7 42. Rxf4 Re8 43. Qa6 Re1+ 44. Rf1 Qe4+ 45. Kg1 Qe3+ 46. Kh1 Qf3+ 47.
Kg1 Rxf1+ 48. Qxf1 Qxf1+ 49. Kxf1 Ne4 50. a3 Nxc3 51. Kf2 d4 52. Kf3 Kg6 53. a4
Kf5 0-1